LDR 00985nam a2200253 i 4500 001 000000105629 003 CaOOAMICUS 005 20260520110113.0 008 020311s2001 it u000 u ita u 013 $a77823 020 $a88-7016-396-2 040 $aSeMil$bita 245 12$aL'esistenza e il Cristo /$cPaul Tillich. 300 $a220 p. ;$c23 cm 490 0 $aSola Scriptura : nuovi studi teologici ;$v18 650 4$aCristologia.$0(OLS)http://semarc/subject/173 773 0 $aTillich, Paul Johannes <1886-1965>$tTeologia sistematica.$dTorino : Claudiana, 1996-2006.$kSola Scriptura$g2$w()1630 830 0$aSola Scriptura ;$v18.$0(OLS)http://semarc/title/9376 850 $aSeMil 852 $aSeMil$W1$xVenegono$y1$m2B III 635$j272290$B61795$CSeMilBibl$Z2$F71262 $81 961 $aAcquisto: Mescat
996 $6020$a88-7016-396-2$9(OLS)http://semarc/number/85756 996 $6245$aL'esistenza e il Cristo$9(OLS)http://semarc/title/152935